000 01584nam a2200325Ka 4500
001 92341
005 20230410143207.0
008 090522s2005 dr 001 0 spa d
035 _a(OCoLC)ocn341155010
040 _aBNPHU
_bspa
_cBNPHU
020 _a9993493422
020 _a9789993493426
041 _aspa
050 1 4 _abS194t 2005
100 1 _aSánchez, Angel Salvador
245 1 0 _aTeología de los derechos humanos /
_cAngel Salvador Sánchez ; prólogo Altagracia Suriel
260 _aSanto Domingo :
_bVisión Mundial,
_c2005
300 _a171 p. ;
_c21 cm.
500 _aIncluye biografía del autor en la contracubierta
504 _aBibliografía: p. 171
505 0 _aAgradecimientos -- Introducción -- Objetivos -- Prólogo -- El Dios de los derechos y la justicia -- Los derechos naturales origen y funcionamiento -- Derechos humanos y evolución histórica -- Jesús, el justo defensor de los derechos humanos -- El espíritu Santo por el ser humano -- El ser humano, Åquién y que es? -- Declaración universal y fundamento cristiano de los derechos humanos -- Los derechos individuales y sociales -- Los derechos del ser humano policía y militar -- La iglesia y profetas de Dios: pioneros en promoción de justicia digna -- Guía y perfil del defensor de los derechos humanos -- Bibliografía.
650 4 _aTeología y Filosofía
650 4 _aDerechos Humanos
650 4 _aDerecho y Evangelio
650 4 _aDerecho (Teología)
700 1 _aSuriel, Altagracia,
_epról.
942 _2lcc
_cbk
946 _aamiranda
994 _aC0
_bDRFGD
999 _c97463
_d97463